Los misterios de una raza (Record no. 165521)

MARC details
000 -LEADER
campo de control de longitud fija 00660nam a22001695i 4500
001 - NÚMERO DE CONTROL
campo de control 165521
003 - IDENTIFICADOR DE NÚMERO DE CONTROL
campo de control ES-MaACL
005 - FECHA Y HORA DE LA ÚLTIMA TRANSACCIÓN
campo de control 20230906213144.0
008 - DATOS DE LONGITUD FIJA--INFORMACIÓN GENERAL
campo de control de longitud fija 130528s1870 sp |||| | spa d
100 0# - ENTRADA PRINCIPAL--NOMBRE DE PERSONA
Nombre de persona Ponson du Terrail, Pierre Alexis de.
9 (RLIN) 93038
245 10 - MENCIÓN DEL TÍTULO
Título Los misterios de una raza
Resto del título : novela escrita en francés /
Mención de responsabilidad, etc. por señor Ponson du Terrail.
260 ## - PUBLICACIÓN, DISTRIBUCIÓN, ETC.
Lugar de publicación, distribución, etc. Madrid :
Nombre del editor, distribuidor, etc. [s.n.],
Fecha de publicación, distribución, etc. 1870 (
Fabricante Imp. de la Correspondencia de España)
300 ## - DESCRIPCIÓN FÍSICA
Extensión 199 p. ;
Dimensiones 22 cm.
500 ## - NOTA GENERAL
Nota general Precede al tit.: La Correspondencia de España.
500 ## - NOTA GENERAL
Nota general Texto a dos columnas.
852 ## - LOCALIZACIÓN
Ubicación ES-MaACL
Número de control de estantería G-4759(1)
Nota libre -- Enc. en un vol. facticio
-- .- Legado M. de la Fuente
Holdings
Estatus retirado Estado de pérdida Estado de daño No para préstamo Colección Biblioteca de origen Biblioteca actual Ubicación en estantería Fecha de adquisición Fuente de adquisición Total de préstamos Signatura topográfica completa Código de barras Visto por última vez Precio de reemplazo Tipo de ítem Koha
        Libros del s. XIX Biblioteca del Ateneo de Madrid Biblioteca del Ateneo de Madrid Depósito 2 17/01/2008     G-4759(1) 1173581 23/02/2023 23/02/2023 Libro impreso antiguo